书目信息 |
| 题名: |
旅游规划学
|
|
| 作者: | 王艳平 , 郭舒 编著 | |
| 分册: | ||
| 出版信息: | 北京 中国旅游出版社 2007 |
|
| 页数: | 338页 | |
| 开本: | 21cm | |
| 丛书名: | ||
| 单 册: | ||
| 中图分类: | F590.1 | |
| 科图分类: | ||
| 主题词: | 旅游经济--经济规划--高等学校--教材 , 旅游经济 , 经济规划 | |
| 电子资源: | ||
| ISBN: | 978-7-5032-3147-6 | |
| 000 | 00969nam0 2200289 450 | |
| 001 | 003522741 | |
| 005 | 20091207094832.61 | |
| 010 | @a978-7-5032-3147-6@dCNY22.00 | |
| 100 | @a20070327d2007 em y0chiy0110 ea | |
| 101 | 0 | @achi |
| 102 | @aCN@b110000 | |
| 105 | @ay z 000yy | |
| 106 | @ar | |
| 200 | 1 | @a旅游规划学@9lv you gui hua xue@dTourism planning@f王艳平,郭舒编著@zeng |
| 210 | @a北京@c中国旅游出版社@d2007 | |
| 215 | @a338页@d21cm | |
| 300 | @a旅游管理专业新视野教材 | |
| 330 | @a本书讨论了旅游规划活动的对象系统、基本原则、理论依据、类型和特征、程序与方法,介绍了旅游空间布局规划、旅游功能设施规划与旅游目的地形象策划的原理与方法。 | |
| 510 | 1 | @aTourism planning@zeng |
| 606 | 0 | @a旅游经济@x经济规划@x高等学校@j教材 |
| 606 | 0 | @a旅游经济 |
| 606 | 0 | @a经济规划 |
| 690 | @aF590.1@v4 | |
| 701 | 0 | @a王艳平@9wang yan ping@f(1962~)@4编著 |
| 701 | 0 | @a郭舒@9guo shu@4编著 |
| 801 | 0 | @aCN@bNLC@c20091207 |
| 905 | @b20797067-69@dF590.1@e253@f3 | |
| 旅游规划学=Tourism planning/王艳平,郭舒编著.-北京:中国旅游出版社,2007 |
| 338页;21cm |
| 旅游管理专业新视野教材 |
| ISBN 978-7-5032-3147-6:CNY22.00 |
| 本书讨论了旅游规划活动的对象系统、基本原则、理论依据、类型和特征、程序与方法,介绍了旅游空间布局规划、旅游功能设施规划与旅游目的地形象策划的原理与方法。 |
| ● |
| 相关链接 |
|
|
|
|
正题名:旅游规划学
索取号:F590.1/253
 
预约/预借
| 序号 | 登录号 | 条形码 | 馆藏地/架位号 | 状态 | 备注 |
| 1 | 797067 | 207970677 | 第一样本阅览室/ [索取号:F590.1/253] | 在馆 | |
| 2 | 797068 | 207970686 | 第一借阅区/ [索取号:F590.1/253] | 在馆 | |
| 3 | 797069 | 207970695 | 密集书库-资源管理系/ [索取号:F590.1/253] | 在馆 |